Statystyki dla Polscy piłkarze w MLS

Kliknij tutaj aby rozwiązać quiz!

Ogólne statystyki

  • Ten quiz został rozwiązany 198 razy
  • Średni wynik to 4 z 15

Statystyki odpowiedzi

Lata gryOdpowiedź% Poprawnych
2019 –Przemysław Frankowski
96%
2008Tomasz Frankowski
95%
2019 –Przemysław Tytoń
48%
2019 –Kacper Przybyłko
46%
1998–2002Piotr Nowak
25%
1998–99Roman Kosecki
25%
2015–16Damien Perquis
19%
2012–13Konrad Warzycha
13%
1996–2002Robert Warzycha
13%
1998–99Jerzy Podbrożny
10%
2010, 2014Krzysztof Król
8%
2003Andrzej Juskowiak
6%
1998Jacek Ziober
3%
2000Miroslaw Rzepa
1%
2000–01Wojtek Krakowiak
1%

Rozkład punktacji

Percentyl według liczby udzielonych odpowiedzi

Procent ludzi z każdym wynikiem

Twoja historia wyników

Nie rozwiązałeś tego quizu